Gentilés Languedoc Roussillon - Mort Subite #4 - Statistiques

Statistiques générales
  • Ce quiz a été pris 42 fois
  • Le résultat moyen est 5 sur 30
Answers on the Grid
Answers color-coded by a green-red scale on the quiz's grid according to % correct below.
Ulmiens
Toulougiens
Perpignanais
Bahotencs
Bompassencqs
Nahujanais
Pinatxos
Carcassonnais
Antugnacois
Chauriens
Narbonnais
Niortais
Serpentois
Montpelliérains
Agathois
Biterrois
Frontignanais
Piscénois
Jacoumards
Violifortins
Nîmois
Lédenonais
Floracois
Langonais
Marvejolais
Pompidoliens
Anduzien
Bellegardais
Junasols
Massituéchois
Thuirencs
Cannettes
Marseillencs
Soulatgeons
Villegailhenc
Grabelsans
Quarantaines
Bellevoisines
Barjacens
Salindriques
Mendiants
Aubaises
Grauléens
Saint-Bresiliens
Heraultois
Altopyrenéen
Beaucairotes
Cyprianous
 
Statistiques - réponses
Réponse % Correct
Nîmois
59%
Biterrois
53%
Montpelliérains
53%
Perpignanais
53%
Narbonnais
47%
Carcassonnais
41%
Frontignanais
35%
Violifortins
24%
Agathois
18%
Langonais
18%
Marvejolais
18%
Anduzien
12%
Floracois
12%
Toulougiens
12%
Bahotencs
6%
Bellegardais
6%
Chauriens
6%
Niortais
6%
Piscénois
6%
Serpentois
6%
Antugnacois
0%
Bompassencqs
0%
Jacoumards
0%
Junasols
0%
Lédenonais
0%
Massituéchois
0%
Nahujanais
0%
Pinatxos
0%
Pompidoliens
0%
Ulmiens
0%
Aucun quiz correspondant
Distribution des résultats
% des personnes avec chaque résultat
Percentile par nombre de réponses
Votre historique - résultats
Vous n’avez pas pris ce quiz